Magical interpretations, material realities : modernity, witchcraft, and the occult in postcolonial Africa
Αποθηκεύτηκε σε:
| Άλλοι συγγραφείς: | , |
|---|---|
| Μορφή: | Βιβλίο |
| Γλώσσα: | English |
| Δημοσίευση: |
Londom :
Routledge,
2001
|
| Θέματα: | |
| Ετικέτες: |
Προσθήκη ετικέτας
Δεν υπάρχουν, Καταχωρήστε ετικέτα πρώτοι!
|
MARC
| LEADER | 00000nam a2200000 i 4500 | ||
|---|---|---|---|
| 001 | 1/70593 | ||
| 008 | 080116s2001 eng d | ||
| 020 | |a 0-415-25867-7 (pbk.) | ||
| 035 | |l 10093718 | ||
| 040 | |a GR-MY-UA |b gre |e aacr | ||
| 041 | 0 | |a eng | |
| 082 | 0 | |a 133.43096 |2 (22) | |
| 245 | 1 | 0 | |a Magical interpretations, material realities : |b modernity, witchcraft, and the occult in postcolonial Africa / |c edited by Henrietta L. Moore and Todd Sanders |
| 260 | |a Londom : |b Routledge, |c 2001 | ||
| 300 | |a xiii, 253 σ.; |b εικ.; |c 24 εκ. | ||
| 504 | |a Περιέχει βιλβιογραφικές παραπομπές και ευρετήριο | ||
| 650 | 0 | 0 | |a Witchcraft |z Africa, Sub-Saharan. |
| 700 | 1 | |a Moore, Henrietta L. |4 edt | |
| 700 | 1 | |a Sanders, Todd |d 1965- |4 edt | |
| 852 | |a INST |b LESVOS |e 20080116 |h 133.43096 MAG |p 005100040325 |q 005100040325 |t BK |y 0 | ||
| 901 | |a BIBL1-2008-1 | ||
| 909 | |a Λ |b 142792 | ||
| 922 | |a 1ΕΛΗ |b 200712 |c ΕΠΕΑΕΚ2/ΤΚΑ |d ΕΛΕΥΘΕΡΟΥΔΑΚΗΣ | ||
| 970 | |a ΚΑΡΑ |b ΓΙΑΣΕΜΗ |z 2008/01/16 | ||